000 02583nam a2200313 a 4500
001 000005022
003 DO-SdBNP
005 20250915101642.0
008 090729s2004 dr ac 001 0 spa d
020 _a9993433845
040 _aDO-SdBNP
_bspa
_cBNPHU
082 _a320.54
_bA162p
100 1 _aAbréu, Dió-genes,
_d1959-
_914466
245 1 0 _aPerejil :
_bel ocaso de la "hispanidad" dominicana : celebración de la multiplicidad cultural desde New York /
_cDiógenes Abréu.
260 _aSanto Domingo :
_bMediabyte,
_c2004.
300 _a370 p. :
_bil., retrs.
500 _aIncluye índice onomástico
500 _aIncluye datos biográficos del autor en las solapas
504 _aIncluye referencias bibliográficas y notas al pie de las páginas
504 _aIncluye bibliografías (p. 357-364)
505 2 _aDedicatoria -- Decir "Perejil": palabras introductorias a un texto más necesario -- ¡Que viva Trujillo, coño! ¿Y a eso le llamas tú introducción? -- Haití on my mind (Haití en mi mente): confieso que he vivido estas memorias -- El negro bembón: la ideología del fetichismo cultural "hispano" como rapiña social anti-negro -- Mami, ¿qué será lo que quiere el negro? Cómo se destripa culturalmente al negro -- ¡Y el negro ahí: "ahora Papá Candelo quiere que le canten babalú" -- Lengua e`mime: la lingüística como legislación: "por nuestra especificidad como pueblo" o el pasado cual panteón nacional anti-haitiano -- ¡Me pego y me pego, ay mangué! La nación como brincos teóricos en 12 asaltos ideológicos -- Whay up, nigga? El cominicanyork como terrorista cultural -- Miscelánea: la evidencia histórica como migajas de la verdad -- La revolución traicionada, Haití: clase y poder como valores socio-históricos -- El pendejo de Marx: la ideología como ventorrillo teórico -- Contradicción y diualismo: también sobrevive el fuego en las profundidades del mar -- Apologistas del Perejil o sobre cómo se le canta al "hispanismo" atrapado en las fronteras culturales del monolingüismo y monoterritorialismo -- Alfa y Omega: todo final es un principio, toda singularidad descansa en oposición a un pluralismo -- Bibliografía -- Indice onomástico.
650 4 _aNacionalismo
_zRepública Dominicana
_914467
650 4 _aHaití
_xRelaciones con República Dominicana
_914469
650 4 _aIdentidad cultural
_zRepública Dominicana
_91946
650 0 _aRacismo
_92279
651 4 _aRepública Dominicana
_xRelaciones con Haití
_914468
651 4 _aRepública Dominicana
_xRelaciones raciales
_9432
942 _2ddc
_cLBS1
999 _c4827
_d4827